| 000 | 01098nam a22002777a 4500 | ||
|---|---|---|---|
| 005 | 20240530110407.0 | ||
| 008 | 150203s2010 ua d g b 000 0 ara d | ||
| 017 |
_a2008/1913 _bمصر . دار الكتب المصرية |
||
| 020 | _a977368203x | ||
| 040 | _aEG-CaGPL | ||
| 041 | 0 | _aara | |
| 082 | 0 | 4 |
_221 _a658.022\ _bم ب |
| 100 | 0 | _aمحمد الصيرفى | |
| 245 | 1 | 2 |
_aالبرنامج التاهيلى لاصحاب المشروعات الصغيرة / _cمحمد الصيرفى |
| 250 | _aط 2 | ||
| 260 |
_aالاسكندرية : _bمؤسسة حورس الدولية للنشر و التوزيع ، _c2010 |
||
| 300 |
_a492 ص : _bجداول ؛ _c24 سم |
||
| 504 | _aببليوجرافية : ص 487 - 492 | ||
| 650 | 0 | 4 | _aالمشروعات |
| 650 | 0 | 4 |
_aالمشروعات _xتنظيم و ادارة |
| 650 | 0 | 4 | _aالمشروعات الصغيرة |
| 650 | 0 | 4 |
_aالمشروعات الصغيرة _xتنظيم وادارة |
| 650 | 0 | 4 |
_aالمشروعات الصغيرة _xالهيكل التنظيمى |
| 942 |
_2ddc _cBK |
||
| 999 |
_c60371 _d60371 |
||